[Event "16th IND-chT Women 2018"]
[Site "Patia"]
[Date "2018.02.11"]
[Round "4"]
[White "Rindhiya, V."]
[Black "Pujari, Rucha"]
[Result "1/2-1/2"]
[WhiteElo "1848"]
[BlackElo "2171"]
[Annotator "TA"]
[PlyCount "113"]
[EventDate "2018.??.??"]
[EventType "team-tourn"]
[EventCountry "IND"]
[SourceTitle "playchess.com"]
[Source "ChessBase"]
[SourceQuality "1"]

{[%evp 18,113,14,13,47,28,58,0,7,-2,6,6,0,3,19,14,41,28,34,35,30,25,61,60,52,38,64,72,67,74,108,81,114,66,56,9,25,23,26,14,7,8,10,0,20,0,0,0,79,72,95,94,94,99,95,95,95,95,96,84,108,107,107,107,112,104,108,108,109,108,108,108,110,109,109,107,107,84,97,89,99,99,114,99,101,94,94,97,95,88,95,104,96,88,90,69,170,163]} 1. e4 e5 2. Nf3 Nc6 3. Bc4 Nf6 4. d3 Be7 5. O-O d6 6. c3 O-O 7. Bb3 Na5 8. Bc2 c5 9. Nbd2 Nc6 10. Re1 {LiveBook: 151 Games} Nh5 {C55: Two Knights: 4 d3, 4 d4 exd4 5 e5 and Max Lange Attack} (10... Kh8 11. Nf1 h6 12. Ng3 Be6 13. h3 Rc8 14. Nh2 Nh7 15. f4 exf4 16. Bxf4 Bg5 17. Qd2 d5 18. Nf3 Bxf4 19. Qxf4 {0-1 (42) Zhang,Z (2619)-Postny,E (2658) Berlin 2015}) 11. Nf1 f5 $146 ({Predecessor:} 11... g6 12. h3 Ng7 13. d4 cxd4 14. cxd4 Nxd4 15. Nxd4 exd4 16. Qxd4 Ne6 17. Qd1 Bg5 18. Ne3 {½-½ (38) Veroci,Z-Van der Mije Nicolau,A (2205) Dortmund 1982}) 12. exf5 (12. Ne3 $14) 12... Bxf5 $11 {The position is equal.} 13. h3 Bg6 14. d4 Bxc2 $1 15. Qxc2 {[%cal Rd4e5]} cxd4 16. Qb3+ $1 Rf7 17. cxd4 Nxd4 18. Nxd4 exd4 19. Qd5 g6 20. Qxd4 Bf6 21. Qd5 Be5 22. Nh2 Bxh2+ 23. Kxh2 Qf6 24. Bg5 Nf4 ({Wrong is} 24... Qxf2 $2 25. Rf1 $18) 25. Bxf6 (25. Qxb7 {with more complications.} Rxb7 26. Bxf6 Kf7 27. Bc3 Nd5 28. Bd4) 25... Nxd5 26. Bd4 Nb4 {[#] aiming for ...Nc2.} 27. Re2 Nc6 28. Bc3 d5 29. Rd1 Rd8 30. Red2 Rfd7 {[#] And now ...d4 would win.} 31. Bf6 Rf8 32. Bc3 Rf5 (32... Rfd8 $11 33. Bd4 Nxd4 34. Rxd4 Kf7) 33. g4 $16 Rf3 34. Kg2 $36 {[%mdl 2048] White is really pushing.} Rdf7 35. Re2 d4 36. Bxd4 Nxd4 37. Rxd4 {[%mdl 4096] Endgame KRR-KRR} Kg7 38. Rde4 b6 39. R4e3 R3f4 40. Kg3 g5 41. Re5 Kg6 42. Re6+ Kg7 43. R6e4 Rf3+ 44. Kg2 Kg6 45. Re6+ Kg7 46. R6e3 R3f4 47. Kg3 Kg6 48. Rd3 R4f6 49. Red2 Kg7 50. Rd5 Rf3+ 51. Kg2 Kg6 52. Rd6+ Kg7 53. b4 R3f4 54. R6d4 Rf3 55. a4 Ra3 56. b5 Rb3 ({Black should try} 56... Raf3 $14) 57. R4d3 {Precision: White = 50%, Black = 43%.} 1/2-1/2